[Event "Tseshkovsky Mem 2014"]
[Site "Sochi RUS"]
[Date "2014.09.17"]
[Round "1.23"]
[White "Alchakov, Ratmir"]
[Black "Cherniaev, Alexander"]
[Result "0-1"]
[BlackTitle "GM"]
[WhiteElo "1938"]
[BlackElo "2458"]
[WhiteFideId "24199699"]
[BlackFideId "4117301"]
[EventDate "2014.09.17"]

1. d4 e6 2. Nf3 b6 3. e4 Bb7 4. Bd3 c5 5. Bg5 Qc7 6. Nc3 cxd4 7. Nxd4 a6 8. O-O
Nf6 9. Kh1 Bc5 10. Nb3 Bd6 11. h3 Nc6 12. Nd2 Ne5 13. f4 Nxd3 14. cxd3 h6 15.
Bxf6 gxf6 16. Rc1 Qd8 17. d4 Be7 18. d5 b5 19. Nf3 Qb6 20. e5 f5 21. d6 Bd8 22.
a4 Rg8 23. axb5 axb5 24. Ne2 Ra4 25. Ra1 Rxa1 26. Qxa1 Qe3 27. Qe1 Kf8 28. Qf2
Qxf2 29. Rxf2 Bb6 30. Rf1 Kg7 31. Ng3 Ra8 32. Nh5+ Kh8 33. Nf6 Bc6 34. Nd2 Ra2
35. Rb1 Be3 36. Nf3 Bxf4 37. Nd4 Bxe5 38. Nxc6 Bxf6 39. Nb8 Be5 40. Nxd7 Bxd6 0-1

[Event "Tseshkovsky Mem 2014"]
[Site "Sochi RUS"]
[Date "2014.09.17"]
[Round "1.24"]
[White "Bryzgalin, Kirill"]
[Black "Krapivin, Vladimir"]
[Result "1-0"]
[WhiteTitle "GM"]
[WhiteElo "2448"]
[BlackElo "1894"]
[WhiteFideId "4133285"]
[BlackFideId "24187232"]
[EventDate "2014.09.17"]

1. e4 c5 2. Nf3 d6 3. d4 cxd4 4. Nxd4 Nf6 5. f3 e5 6. Bb5+ Bd7 7. Bxd7+ Qxd7 8.
Nf5 d5 9. Bg5 Nc6 10. Bxf6 gxf6 11. Qxd5 Qxd5 12. exd5 Nb4 13. Ne3 Bc5 14. a3
O-O-O 15. axb4 Bxe3 16. Ke2 Bd4 17. c3 Bb6 18. Rd1 Rdg8 19. Kf1 f5 20. Na3 Rg6
21. Nc4 Bc7 22. Rxa7 Bb8 23. Ra8 Rhg8 24. d6 b5 25. Nxe5 Rxg2 26. d7+ Kb7 27.
Rxb8+ 1-0

[Event "Tseshkovsky Mem 2014"]
[Site "Sochi RUS"]
[Date "2014.09.17"]
[Round "1.25"]
[White "Puchko, Nikolay"]
[Black "Grishchenko, Sergey1"]
[Result "0-1"]
[BlackTitle "IM"]
[WhiteElo "1885"]
[BlackElo "2448"]
[WhiteFideId "24176214"]
[BlackFideId "4136730"]
[EventDate "2014.09.17"]

1. e4 c6 2. d4 d5 3. e5 c5 4. dxc5 e6 5. Be3 Ne7 6. Nf3 Nd7 7. Bb5 Nc6 8. O-O
Nxc5 9. c4 a6 10. cxd5 axb5 11. dxc6 Qxd1 12. Rxd1 bxc6 13. Nbd2 Nd3 14. a3 Nxb2
15. Rdc1 Bd7 16. Ra2 Nd3 17. Rcc2 c5 18. Rc3 c4 19. Rac2 Be7 20. Nxc4 bxc4 21.
Rxc4 Rxa3 22. h3 Nb4 23. Rb2 Ra4 24. Bd2 Nd5 25. Rb8+ Bd8 26. Rxa4 Bxa4 27. Ba5
Kd7 28. Ra8 Bc6 29. Ra7+ Bc7 30. Ng5 f6 31. Bxc7 Nxc7 32. exf6 gxf6 33. Nxe6
Kxe6 34. Rxc7 Bd5 35. f3 Ke5 36. Ra7 f5 37. Kh2 h5 38. Kg3 h4+ 39. Kh2 Rc8 40.
Rh7 Rc2 41. Kg1 Kf4 42. Ra7 Rc1+ 43. Kh2 Ke3 44. Ra3+ Kf2 45. Rd3 Bc4 46. Rd2+
Be2 0-1

[Event "Tseshkovsky Mem 2014"]
[Site "Sochi RUS"]
[Date "2014.09.17"]
[Round "1.26"]
[White "Simantsev, Mikhail"]
[Black "Danielyan, Levon"]
[Result "1-0"]
[WhiteTitle "GM"]
[WhiteElo "2443"]
[BlackElo "2082"]
[WhiteFideId "14104555"]
[BlackFideId "24161497"]
[EventDate "2014.09.17"]

1. d4 Nf6 2. c4 e6 3. Nf3 c5 4. d5 b5 5. Bg5 Qa5+ 6. Nbd2 bxc4 7. Bxf6 gxf6 8.
e4 Rg8 9. g3 Ba6 10. Qc2 Bh6 11. Bxc4 Bxc4 12. Qxc4 Na6 13. Ke2 Rb8 14. b3 Rb4
15. Qc2 Bxd2 16. Nxd2 Rd4 17. Nc4 Qc7 18. a3 f5 19. exf5 exd5 20. Ne3 Kd8 21.
Rhe1 Qe5 22. Kf1 Re4 23. Rad1 d4 24. f4 Qe7 25. Nd5 Rxe1+ 26. Rxe1 Qd6 27. Qc4
Qh6 28. Kg1 Qh3 29. Qd3 Qh6 30. f6 Qh3 31. Re5 Nb8 32. Ne7 d6 33. Re2 Rf8 34.
Qb5 Nd7 35. Qb7 1-0

[Event "Tseshkovsky Mem 2014"]
[Site "Sochi RUS"]
[Date "2014.09.17"]
[Round "1.27"]
[White "Abrosimov, Nikolay"]
[Black "Tunik, Gennady"]
[Result "0-1"]
[BlackTitle "GM"]
[WhiteElo "1877"]
[BlackElo "2415"]
[WhiteFideId "4169476"]
[BlackFideId "4101219"]
[EventDate "2014.09.17"]

1. c4 Nf6 2. Nc3 e5 3. g3 Bb4 4. Bg2 O-O 5. e3 Bxc3 6. bxc3 d6 7. Ne2 Nbd7 8.
O-O e4 9. f3 exf3 10. Bxf3 Ne5 11. Nd4 c5 12. Nb5 Nxc4 13. Qe2 d5 14. d4 b6 15.
e4 Ba6 16. a4 dxe4 17. Bxe4 Nxe4 18. Qxe4 cxd4 19. cxd4 Bxb5 20. axb5 Qd7 21. d5
Nd6 22. Qb4 Nxb5 23. Rb1 a6 24. Be3 Qxd5 25. Bxb6 Rac8 26. Qa5 Rc2 27. Rf2 Rxf2
28. Bxf2 Qc6 29. Ra1 Ra8 30. Qa4 h6 31. Be3 Re8 32. Kf2 Qf6+ 33. Bf4 g5 34. Qxa6
Qd4+ 35. Kf3 gxf4 36. Ra4 Qd5+ 37. Kxf4 Nd4 38. Qxh6 Qf5# 0-1

[Event "Tseshkovsky Mem 2014"]
[Site "Sochi RUS"]
[Date "2014.09.17"]
[Round "1.28"]
[White "Lugovskoy, Maxim"]
[Black "Markosian, Sergey"]
[Result "1-0"]
[WhiteTitle "IM"]
[WhiteElo "2390"]
[BlackElo "1877"]
[WhiteFideId "24126454"]
[BlackFideId "24100790"]
[EventDate "2014.09.17"]

1. e4 c6 2. d4 g6 3. Nc3 Bg7 4. Nf3 Nf6 5. e5 Nd5 6. Ne4 d6 7. c4 Nb6 8. exd6 f5
9. Nc3 exd6 10. Bg5 Qc7 11. c5 Nd5 12. Nxd5 cxd5 13. Bb5+ Nc6 14. O-O O-O 15.
Bf4 Nxd4 16. Bxd6 Nxf3+ 17. Qxf3 Qf7 18. Bxf8 Bxf8 19. Rfe1 Bd7 20. Bxd7 Qxd7
21. Rad1 Rd8 22. b4 b6 23. Re5 d4 24. c6 Qc7 25. Rd5 Bg7 26. Rxd8+ Qxd8 27. Qb3+
Kh8 28. Qf7 Be5 29. Re1 1-0

[Event "Tseshkovsky Mem 2014"]
[Site "Sochi RUS"]
[Date "2014.09.17"]
[Round "1.29"]
[White "Tsvetkov, Vladimir"]
[Black "Vastrukhin, Oleg"]
[Result "0-1"]
[WhiteElo "1862"]
[BlackElo "2383"]
[WhiteFideId "34149624"]
[BlackFideId "4192770"]
[EventDate "2014.09.17"]

1. d4 g6 2. e4 Bg7 3. f4 d5 4. e5 Nh6 5. Nf3 O-O 6. Be2 c5 7. c3 cxd4 8. cxd4
Nc6 9. h3 Bf5 10. Nc3 Be4 11. g4 f6 12. O-O fxe5 13. fxe5 e6 14. Be3 Nf7 15. Nd2
Qh4 16. Ndxe4 dxe4 17. Kg2 Ng5 18. Rh1 Rad8 19. Qe1 Qxe1 20. Raxe1 Nf3 21. Ref1
Nfxd4 22. Rxf8+ Rxf8 23. Bc4 Bxe5 24. Nxe4 b5 25. Bd3 Bf4 26. Bc1 e5 27. Rf1 Nb4
28. Bb1 Nd5 29. a4 bxa4 30. Ba2 Nb3 31. Nc5 Nxc5 32. Bxd5+ Kg7 33. Bc6 Rc8 34.
Bb5 Rb8 35. Be2 g5 36. Rd1 e4 37. Rd5 Nb3 38. Bxf4 gxf4 39. Bb5 Nc1 40. h4 a6
41. Rd7+ Kf6 42. Bxa6 Rxb2+ 43. Kf1 a3 44. Bc4 a2 45. Rd6+ Ke5 46. Rd5+ Kf6 47.
Rf5+ Ke7 48. Bxa2 Nxa2 49. Re5+ Kf6 50. Rxe4 Rb4 51. Re2 Nc3 52. Rc2 Ne4 53.
Rc6+ Ke5 54. Rc7 f3 55. Rc1 Kf4 56. g5 Kg3 57. h5 Nxg5 58. Rd1 Rh4 59. Kg1 Nh3+
60. Kf1 Nf4 61. Ke1 Rh1+ 62. Kd2 Rxd1+ 63. Kxd1 f2 0-1

[Event "Tseshkovsky Mem 2014"]
[Site "Sochi RUS"]
[Date "2014.09.17"]
[Round "1.30"]
[White "Ivanov, Mikhail M"]
[Black "Kutovoi, Valery"]
[Result "1-0"]
[WhiteTitle "GM"]
[WhiteElo "2366"]
[BlackElo "1813"]
[WhiteFideId "4114906"]
[BlackFideId "34113131"]
[EventDate "2014.09.17"]

1. d4 Nf6 2. c4 g6 3. Nc3 Bg7 4. e4 d6 5. Nge2 Nbd7 6. Ng3 e5 7. d5 a6 8. Be2
Rb8 9. h4 h5 10. Bg5 Bh6 11. Bxh6 Rxh6 12. Qd2 Rh7 13. f3 Nb6 14. Qe3 Bd7 15. c5
dxc5 16. Qxc5 Na4 17. Nxa4 Bxa4 18. Rc1 Rc8 19. Qb4 Bd7 20. Qxb7 Rb8 21. Qxa6
Rxb2 22. a4 Kf8 23. a5 Kg7 24. Qa7 Ne8 25. Qc5 Ra2 26. a6 Qf6 27. O-O Qxh4 28.
Ra1 Rxa1 29. Rxa1 Qxg3 30. a7 h4 31. Qf2 Qg5 32. a8=Q h3 33. g3 h2+ 34. Kh1 Rh3
35. f4 Qf6 36. Qaa7 exf4 37. Qfd4 1-0

[Event "Tseshkovsky Mem 2014"]
[Site "Sochi RUS"]
[Date "2014.09.17"]
[Round "1.31"]
[White "Skripnikov, Velori"]
[Black "Dmitrenko, Viktor"]
[Result "0-1"]
[BlackTitle "IM"]
[WhiteElo "1799"]
[BlackElo "2357"]
[WhiteFideId "24153478"]
[BlackFideId "14110270"]
[EventDate "2014.09.17"]

1. e4 e6 2. d4 d5 3. e5 c5 4. c3 Qb6 5. Nf3 Bd7 6. a3 Nh6 7. Bd3 cxd4 8. cxd4
Nc6 9. Bc2 Nf5 10. Bxf5 exf5 11. Nc3 Be6 12. b4 Rc8 13. Qa4 Be7 14. Bd2 O-O 15.
b5 Na5 16. Nd1 Nc4 17. Bb4 Bxb4+ 18. Qxb4 h6 19. Nc3 g5 20. Na4 Qd8 21. Nd2 b6
22. h3 Qd7 23. Nb2 Rc7 24. Nd3 f4 25. h4 Bf5 26. Nb2 Nxd2 27. Qxd2 Qxb5 28. Qb4
Qxb4+ 29. axb4 Rc2 30. Nd1 Bd3 0-1

[Event "Tseshkovsky Mem 2014"]
[Site "Sochi RUS"]
[Date "2014.09.17"]
[Round "1.32"]
[White "Gorbatov, Alexej"]
[Black "Zlydneva, Daria"]
[Result "1-0"]
[WhiteTitle "IM"]
[WhiteElo "2355"]
[BlackElo "1799"]
[WhiteFideId "4111834"]
[BlackFideId "24102709"]
[EventDate "2014.09.17"]

1. c4 e5 2. e3 Nc6 3. Nc3 f5 4. d4 Nf6 5. dxe5 Nxe5 6. Nf3 Nc6 7. Be2 g6 8. O-O
d6 9. Rb1 Bg7 10. b4 O-O 11. b5 Na5 12. Qa4 b6 13. Nd4 Nb7 14. Bf3 Nc5 15. Qc2
Nfe4 16. Nxe4 fxe4 17. Bxe4 Nxe4 18. Qxe4 Bf5 19. Nxf5 Rxf5 20. Bb2 Qe8 21. Qd3
Qe6 22. Bd4 Raf8 23. a4 Be5 24. a5 Rh5 25. f4 Bxd4 26. exd4 Rhf5 27. axb6 cxb6
28. Rfe1 Qf7 29. g3 g5 30. fxg5 Rf3 31. g6 hxg6 32. Qe4 Rf2 33. d5 Qh7 34. h4
R2f3 35. Kg2 Rf2+ 36. Kh3 Qh5 37. Rg1 g5 38. Rh1 gxh4 39. Qxh4 Qxh4+ 40. Kxh4
Rc2 41. Ra1 Rxc4+ 42. Kg5 Rd4 43. Rxa7 Rxd5+ 44. Kg6 1-0

[Event "Tseshkovsky Mem 2014"]
[Site "Sochi RUS"]
[Date "2014.09.17"]
[Round "1.33"]
[White "Tvelov, Boris"]
[Black "Yandarbiev, Ruslan"]
[Result "0-1"]
[BlackTitle "IM"]
[WhiteElo "1795"]
[BlackElo "2355"]
[WhiteFideId "24180920"]
[BlackFideId "4115023"]
[EventDate "2014.09.17"]

1. e4 c5 2. Nf3 d6 3. d4 Nf6 4. Nc3 cxd4 5. Nxd4 a6 6. Bc4 e6 7. Bb3 Nbd7 8. O-O
Nc5 9. Qe2 Be7 10. f4 O-O 11. g4 d5 12. exd5 Nxd5 13. Bxd5 exd5 14. g5 Re8 15.
Qh5 g6 16. Qh4 Ne6 17. Be3 Bc5 18. f5 Nxd4 19. fxg6 fxg6 20. Bxd4 Bxd4+ 21. Qxd4
Qxg5+ 22. Kh1 Be6 23. Rf6 Bf7 24. Rxf7 Kxf7 25. Rf1+ Kg8 26. Nxd5 Qe5 27. Nf6+
Kg7 28. Nxe8+ Rxe8 29. Qf2 Qe4+ 30. Kg1 h5 31. b3 Qe3 32. Qxe3 Rxe3 33. Rf2 Rc3
34. Kf1 g5 35. Ke1 Kg6 36. Kd2 Rc6 37. c4 g4 38. Ke3 Re6+ 39. Kd4 h4 40. b4 Kg5
41. b5 axb5 42. cxb5 g3 43. hxg3 hxg3 44. Rc2 Kf4 45. Rc7 Rd6+ 46. Kc5 Rg6 47.
Rf7+ Ke3 48. Rf1 g2 49. Rg1 b6+ 50. Kb4 Kf2 51. Rc1 Rg4+ 52. Kc3 g1=Q 53. Rxg1
Kxg1 0-1

[Event "Tseshkovsky Mem 2014"]
[Site "Sochi RUS"]
[Date "2014.09.17"]
[Round "1.34"]
[White "Zakarian, David"]
[Black "Nikolaev, Valerij"]
[Result "1-0"]
[WhiteTitle "FM"]
[WhiteElo "2400"]
[BlackElo "1789"]
[WhiteFideId "13301276"]
[BlackFideId "24159484"]
[EventDate "2014.09.17"]

1. e4 c6 2. d4 e6 3. f4 Be7 4. Nf3 Nf6 5. Bd3 d5 6. e5 Nfd7 7. h4 h5 8. c3 b5 9.
Nbd2 a5 10. Qc2 Ba6 11. Ng5 Bxg5 12. hxg5 c5 13. Nf3 b4 14. Bg6 Qe7 15. Rxh5
Rxh5 16. Bxh5 Nc6 17. Be3 cxd4 18. cxd4 Bb5 19. Kf2 g6 20. Bg4 Rc8 21. Rc1 Nb6
22. Qb1 Qb7 23. Rh1 Qa6 24. Bxe6 fxe6 25. Qxg6+ Kd7 26. Rh7+ Ne7 27. f5 Kd8 28.
Qxe6 Rc7 29. f6 1-0

[Event "Tseshkovsky Mem 2014"]
[Site "Sochi RUS"]
[Date "2014.09.17"]
[Round "1.35"]
[White "Khristenko, Elena"]
[Black "Zakharov, Alexander"]
[Result "0-1"]
[BlackTitle "IM"]
[WhiteElo "1781"]
[BlackElo "2352"]
[WhiteFideId "34143391"]
[BlackFideId "4103564"]
[EventDate "2014.09.17"]

1. d4 Nf6 2. e3 g6 3. Nf3 Bg7 4. g3 O-O 5. Bg2 d6 6. Nc3 Nbd7 7. O-O e5 8. dxe5
dxe5 9. e4 c6 10. Bd2 Qc7 11. Qc1 Nc5 12. Re1 Bg4 13. Bh6 Bxf3 14. Bxf3 Ne6 15.
Bxg7 Kxg7 16. Nd1 h6 17. Ne3 Ng5 18. Bg2 Ngxe4 19. Bxe4 Nxe4 20. Ng4 Ng5 21. Kg2
Qd7 22. h4 Qd5+ 23. Kh2 Nf3+ 24. Kh3 Rh8 25. Re3 f5 26. Nxh6 Rxh6 27. Rd3 Nd4
28. Qd2 Rah8 29. c3 Qe4 30. Qg5 Rxh4+ 0-1

[Event "Tseshkovsky Mem 2014"]
[Site "Sochi RUS"]
[Date "2014.09.17"]
[Round "1.36"]
[White "Rozhko, Dmitry"]
[Black "Mavlyaveev, Vladimir"]
[Result "1-0"]
[WhiteTitle "FM"]
[WhiteElo "2337"]
[BlackElo "1714"]
[WhiteFideId "4150430"]
[BlackFideId "24161500"]
[EventDate "2014.09.17"]

1. d4 d5 2. Nf3 Nf6 3. Bf4 g6 4. h3 Bg7 5. e3 O-O 6. c4 c5 7. Nc3 Nc6 8. dxc5
Qa5 9. Nd2 dxc4 10. Bxc4 Qxc5 11. Qe2 a6 12. Nb3 Qa7 13. a4 e5 14. Bh2 Bf5 15.
O-O Rfe8 16. Nb5 Qb8 17. N5d4 Nxd4 18. exd4 Qa7 19. Bxe5 Nd7 20. g4 Bxe5 21.
dxe5 Rxe5 22. Qd2 Re4 23. gxf5 Ne5 24. Qd5 gxf5 25. Nd2 Kh8 26. Nxe4 Rg8+ 27.
Kh1 Nxc4 28. Qxc4 1-0

[Event "Tseshkovsky Mem 2014"]
[Site "Sochi RUS"]
[Date "2014.09.17"]
[Round "1.37"]
[White "Skvortsova, Olesya"]
[Black "Nakhbayeva, Guliskhan"]
[Result "0-1"]
[BlackTitle "WGM"]
[WhiteElo "1713"]
[BlackElo "2331"]
[WhiteFideId "34161420"]
[BlackFideId "13704788"]
[EventDate "2014.09.17"]

1. e4 e6 2. Nf3 d5 3. exd5 exd5 4. d4 Nc6 5. Nc3 Bg4 6. Be2 Nf6 7. O-O Be7 8. h3
Bh5 9. Re1 O-O 10. Be3 Ne4 11. Nxe4 dxe4 12. Nd2 Bxe2 13. Qxe2 f5 14. Nb3 Kh8
15. c3 Bd6 16. f3 f4 17. Bd2 e3 18. Bc1 Ne7 19. Qd3 Nf5 20. d5 Qg5 21. Qc2 Rf6
22. Rd1 Rg6 23. Nd4 Nh4 24. c4 Qxg2+ 25. Qxg2 Rxg2+ 26. Kf1 Rf2+ 27. Ke1 Ng2# 0-1

[Event "Tseshkovsky Mem 2014"]
[Site "Sochi RUS"]
[Date "2014.09.17"]
[Round "1.38"]
[White "Nechaev, Oleg"]
[Black "Zlydneva, Ekaterina"]
[Result "1-0"]
[WhiteElo "2329"]
[BlackElo "1640"]
[WhiteFideId "24113409"]
[BlackFideId "24179310"]
[EventDate "2014.09.17"]

1. d4 Nf6 2. c4 g6 3. Nc3 d5 4. Nf3 Bg7 5. e3 c6 6. b4 b6 7. Qb3 Bb7 8. Ba3 O-O
9. Rc1 Re8 10. Be2 Nbd7 11. O-O a5 12. cxd5 cxd5 13. bxa5 Rxa5 14. Bb4 Ra8 15.
Nb5 Ba6 16. Rfe1 Rc8 17. Qa3 Rxc1 18. Rxc1 Nb8 19. Bf1 Bxb5 20. Bxb5 Nbd7 21.
Ne5 Nxe5 22. dxe5 Nd7 23. Qa4 Nc5 24. Bxc5 Rf8 25. Bd4 Qb8 26. f4 1-0

[Event "Tseshkovsky Mem 2014"]
[Site "Sochi RUS"]
[Date "2014.09.17"]
[Round "1.39"]
[White "Esipenko, Aleksandr"]
[Black "Strutinskaia, Galina"]
[Result "0-1"]
[BlackTitle "WGM"]
[WhiteElo "1633"]
[BlackElo "2317"]
[WhiteFideId "34125911"]
[BlackFideId "4108558"]
[EventDate "2014.09.17"]

1. e4 c5 2. Nf3 Nc6 3. c3 Nf6 4. e5 Nd5 5. d4 cxd4 6. cxd4 d6 7. Bc4 e6 8. O-O
Be7 9. Bd2 O-O 10. Nc3 Nxc3 11. Bxc3 Rb8 12. a4 a6 13. a5 b5 14. axb6 Qxb6 15.
Qd3 a5 16. Qd2 Nb4 17. Rfe1 Bb7 18. Bxb4 axb4 19. Re3 dxe5 20. dxe5 Rbc8 21. Bb3
Bc5 22. Rd3 Be4 23. Rd7 Bc6 24. Rd3 Bb5 25. Rf1 Rcd8 26. Bc2 b3 27. Bb1 h6 28.
Rd1 Bxd3 29. Bxd3 Qb4 30. Qe2 Rd5 31. Rc1 Rfd8 32. Rd1 Kf8 33. g3 Bd4 34. Nxd4
Qxd4 35. Kg2 Qxe5 36. Qf3 Qxb2 0-1

[Event "Tseshkovsky Mem 2014"]
[Site "Sochi RUS"]
[Date "2014.09.17"]
[Round "1.40"]
[White "Bukanov, Sergei"]
[Black "Pozdniakov, Maksim"]
[Result "1-0"]
[WhiteElo "2317"]
[BlackElo "1610"]
[WhiteFideId "4117140"]
[BlackFideId "24196371"]
[EventDate "2014.09.17"]

1. b3 d5 2. Bb2 Nc6 3. Nf3 Bg4 4. e3 f6 5. h3 Bxf3 6. Qxf3 e5 7. d4 e4 8. Qd1
Nh6 9. c4 Ne7 10. Nc3 c6 11. g4 f5 12. g5 Nf7 13. h4 h6 14. g6 Nxg6 15. Qh5 Ne7
16. Rg1 g5 17. f3 Qd6 18. cxd5 cxd5 19. Nb5 Qb6 20. Ba3 Nc6 21. Bxf8 Kxf8 22.
fxe4 fxe4 23. Be2 Ke7 24. Rf1 Raf8 25. O-O-O Qa5 26. Kb2 gxh4 27. Qxd5 a6 28.
Qxe4+ Kd8 29. Nc3 Nd6 30. Qe6 Nb5 31. Nxb5 axb5 32. Qd6+ Ke8 33. Bh5+ 1-0

[Event "Tseshkovsky Mem 2014"]
[Site "Sochi RUS"]
[Date "2014.09.17"]
[Round "1.41"]
[White "Khristenko, Anna"]
[Black "Pushkov, Nikolai"]
[Result "0-1"]
[BlackTitle "GM"]
[WhiteElo "1605"]
[BlackElo "2315"]
[WhiteFideId "24173886"]
[BlackFideId "4117131"]
[EventDate "2014.09.17"]

1. Nf3 Nf6 2. g3 d5 3. Bg2 c5 4. c3 Bf5 5. O-O Nc6 6. d4 e6 7. Ne5 cxd4 8. Nxc6
bxc6 9. cxd4 c5 10. Nc3 cxd4 11. Qxd4 Be7 12. Qa4+ Qd7 13. Qxd7+ Nxd7 14. e4
dxe4 15. Nxe4 O-O 16. Be3 Nb6 17. Rac1 Rac8 18. Rxc8 Rxc8 19. Rc1 Rd8 20. h3 h5
21. Nd2 Bf6 22. Nc4 Nd5 23. Bxa7 Ra8 24. Bc5 Rxa2 25. b4 Nc3 26. Kh2 h4 27. Nd6
hxg3+ 28. fxg3 Bd3 29. h4 Be5 30. Kh3 f5 31. Bf3 Be2 32. Bxe2 Nxe2 33. Re1 Ra3
34. Kg2 Rxg3+ 35. Kf2 Bxd6 36. Bxd6 Rd3 37. Rxe2 Rxd6 38. Rb2 Kf7 39. b5 Rb6 40.
Ke3 Ke7 41. Kd4 Kd6 42. Kc4 f4 43. Rd2+ Ke5 44. Kc5 Rb8 45. Re2+ Kf5 46. Rg2 Rg8
47. b6 f3 48. Rf2 Kf4 49. Rf1 e5 50. b7 e4 51. Rg1 e3 52. Rxg7 Rb8 53. h5 e2 54.
Re7 f2 55. Rf7+ Ke3 56. Re7+ Kd2 57. Rd7+ Kc3 0-1

[Event "Tseshkovsky Mem 2014"]
[Site "Sochi RUS"]
[Date "2014.09.17"]
[Round "1.42"]
[White "Kudelya, Igor"]
[Black "Vorushilo, Alena"]
[Result "1-0"]
[WhiteTitle "FM"]
[WhiteElo "2312"]
[BlackElo "1592"]
[WhiteFideId "4177339"]
[BlackFideId "34132284"]
[EventDate "2014.09.17"]

1. e4 c5 2. Ne2 d6 3. d4 cxd4 4. Nxd4 Nf6 5. f3 g6 6. c4 Bg7 7. Nc3 O-O 8. Be3
Nc6 9. Nc2 Bd7 10. Be2 Rc8 11. O-O Ne5 12. b3 a6 13. a4 Qc7 14. a5 e6 15. Bb6
Qb8 16. Qd2 Bc6 17. Rfd1 d5 18. f4 Ned7 19. e5 Ne4 20. Nxe4 dxe4 21. Be3 Rfd8
22. Qe1 f6 23. exf6 Nxf6 24. Nd4 e5 25. Ne6 Rxd1 26. Rxd1 exf4 27. Bxf4 Qa7+ 28.
Kh1 Re8 29. Nxg7 Kxg7 30. Qh4 Qc5 31. Bh6+ Kf7 32. Rf1 Re6 33. Bg5 Qe7 34. Qxh7+
Ke8 35. Qxg6+ Qf7 36. Qf5 Ke7 37. Kg1 Bd7 38. Bxf6+ Qxf6 39. Qxf6+ Rxf6 40. Rxf6
Kxf6 41. Kf2 Kf5 42. Ke3 Ke5 43. g4 Be6 44. h4 Bg8 45. h5 Bh7 46. b4 Ke6 47. Kf4
Kf6 48. g5+ Ke6 49. g6 1-0

[Event "Tseshkovsky Mem 2014"]
[Site "Sochi RUS"]
[Date "2014.09.17"]
[Round "1.50"]
[White "Smirnov, Timofey"]
[Black "Saveleva, Anna"]
[Result "1-0"]
[WhiteElo "2269"]
[BlackElo "1787"]
[WhiteFideId "24176427"]
[BlackFideId "24196380"]
[EventDate "2014.09.17"]

1. e4 c5 2. Nf3 d6 3. d4 cxd4 4. Nxd4 Nf6 5. f3 Nc6 6. c4 Bd7 7. Nc3 g6 8. Be3
Bg7 9. Qd2 O-O 10. Be2 a6 11. O-O Ne5 12. Rfd1 Rc8 13. b3 Bc6 14. h3 Qc7 15. f4
Ned7 16. Bf3 Nc5 17. Nxc6 bxc6 18. Bxc5 dxc5 19. e5 Rfd8 20. Qe3 Nd7 21. Bg4 e6
22. Ne4 Rb8 23. Rac1 Kf8 24. Nxc5 Nxc5 25. Qxc5+ Kg8 26. Bf3 Rxd1+ 27. Rxd1 Rc8
28. Qd6 Bf8 29. Qxc7 Rxc7 30. Rd6 Bxd6 31. exd6 Rd7 32. c5 f5 33. Bxc6 Rd8 34.
Bb7 a5 35. c6 1-0

[Event "Tseshkovsky Mem 2014"]
[Site "Sochi RUS"]
[Date "2014.09.18"]
[Round "2.1"]
[White "Jobava, Baadur"]
[Black "Ivanov, Mikhail M"]
[Result "1-0"]
[WhiteTitle "GM"]
[BlackTitle "GM"]
[WhiteElo "2708"]
[BlackElo "2366"]
[WhiteFideId "13601520"]
[BlackFideId "4114906"]
[EventDate "2014.09.17"]

1. d4 d5 2. Bf4 c6 3. e3 e6 4. Nf3 Bd6 5. Bd3 Bxf4 6. exf4 Ne7 7. Nbd2 b6 8. O-O
Ba6 9. c4 dxc4 10. Nxc4 Bxc4 11. Bxc4 Nd7 12. Rc1 O-O 13. Bd3 Nf6 14. g3 Qd6 15.
Qa4 Rfd8 16. Rfd1 g6 17. Bf1 a5 18. Ne5 b5 19. Qc2 Rac8 20. Bg2 Nfd5 21. h4 h5
22. a3 Kg7 23. Qd2 a4 24. Rc5 Qc7 25. f5 exf5 26. Nxc6 Nxc6 27. Bxd5 Qb6 28. Qe3
Re8 29. Qc3 Na7 30. Rc1 Qf6 31. Bb7 Rcd8 32. Rc7 b4 33. Qxb4 Rxd4 34. Qc5 f4 35.
Bd5 Qe5 36. Rxf7+ 1-0

[Event "Tseshkovsky Mem 2014"]
[Site "Sochi RUS"]
[Date "2014.09.18"]
[Round "2.2"]
[White "Vastrukhin, Oleg"]
[Black "Landa, Konstantin"]
[Result "1/2-1/2"]
[BlackTitle "GM"]
[WhiteElo "2383"]
[BlackElo "2670"]
[WhiteFideId "4192770"]
[BlackFideId "4101685"]
[EventDate "2014.09.17"]

1. Nf3 c5 2. g3 g6 3. Bg2 Bg7 4. O-O e5 5. c4 Nc6 6. Nc3 Nge7 7. d3 O-O 8. Ne1
d6 9. Nc2 Be6 10. Ne3 Qd7 11. a3 Bh3 12. Rb1 Bxg2 13. Kxg2 f5 14. Ned5 f4 15. b4
Nxd5 16. Nxd5 h5 17. f3 g5 18. h3 cxb4 19. axb4 b5 20. cxb5 Nd4 21. g4 Rfb8 22.
Bb2 Rxb5 23. Bxd4 Rxd5 24. Qb3 Qf7 25. Bf2 hxg4 26. hxg4 Rb5 27. Qc4 Rab8 28.
Qxf7+ Kxf7 29. Bxa7 R8b7 30. Bf2 Rxb4 31. Rxb4 Rxb4 32. Rc1 Ke6 33. Kf1 Bf6 34.
Ke1 Bd8 35. Kd1 Ra4 36. Rb1 Kd7 37. Bb6 Be7 38. Rc1 Ke6 39. Rc8 Ra1+ 40. Kc2 Ra6
41. Rb8 Ra2+ 42. Kd1 Ra1+ 43. Kc2 Bf6 44. Bd8 Bxd8 45. Rxd8 Kd5 46. Kd2 Kc5 47.
Rc8+ Kd4 48. Rc4+ Kd5 49. Rb4 Rg1 50. Ra4 Rb1 51. Kc2 Rb8 52. Kd2 Kc5 53. Rc4+
Kd5 54. Ra4 Ke6 55. Ra5 Rb1 56. Kc2 Rg1 1/2-1/2

[Event "Tseshkovsky Mem 2014"]
[Site "Sochi RUS"]
[Date "2014.09.18"]
[Round "2.3"]
[White "Rakhmanov, Aleksandr"]
[Black "Gorbatov, Alexej"]
[Result "1-0"]
[WhiteTitle "GM"]
[BlackTitle "IM"]
[WhiteElo "2626"]
[BlackElo "2355"]
[WhiteFideId "4173708"]
[BlackFideId "4111834"]
[EventDate "2014.09.17"]

1. d4 e6 2. e4 d5 3. exd5 exd5 4. c4 Nf6 5. Nc3 Bb4 6. Bd3 O-O 7. Ne2 dxc4 8.
Bxc4 Nc6 9. a3 Be7 10. O-O h6 11. Be3 a6 12. Ba2 Bd6 13. f3 Bf5 14. Bf2 Bh7 15.
Qd2 Ne7 16. Ng3 c6 17. Nge4 Nfd5 18. Nxd6 Qxd6 19. Rfe1 Nxc3 20. bxc3 b5 21. c4
bxc4 22. Bxc4 a5 23. Bf1 Bf5 24. Re5 a4 25. Bc4 Bg6 26. Qb4 Nf5 27. Qc5 Qd7 28.
Rae1 Rad8 29. d5 cxd5 30. Rxd5 Qb7 31. Rxd8 Rxd8 32. Qb5 Qxb5 33. Bxb5 Nd4 34.
Re8+ Rxe8 35. Bxe8 Ne2+ 36. Kf1 Bd3 37. Ke1 Nf4 38. g3 Ng6 39. Kd2 Ba6 40. f4
Ne7 41. Bxa4 Nd5 42. Bb3 Nf6 43. Bd4 Ne4+ 44. Ke3 Nd6 45. Bc5 Nc4+ 46. Kd4 Nd2
47. Bd5 Nf1 48. Bc4 Bxc4 49. Kxc4 Nxh2 50. a4 1-0

[Event "Tseshkovsky Mem 2014"]
[Site "Sochi RUS"]
[Date "2014.09.18"]
[Round "2.4"]
[White "Dmitrenko, Viktor"]
[Black "Khalifman, Alexander"]
[Result "1/2-1/2"]
[WhiteTitle "IM"]
[BlackTitle "GM"]
[WhiteElo "2357"]
[BlackElo "2621"]
[WhiteFideId "14110270"]
[BlackFideId "4100115"]
[EventDate "2014.09.17"]

1. e4 e5 2. Nf3 Nc6 3. Bb5 Nf6 4. O-O Nxe4 5. Qe2 Nd6 6. Bxc6 dxc6 7. Qxe5+ Qe7
8. Qa5 Qd8 9. Qe5+ Qe7 10. Qa5 Qd8 11. Qe5+ Qe7 1/2-1/2